MARC details
| 000 -CABECERA |
| campo de control de longitud fija |
01055nam a2200253 a 4500 |
| 001 - NÚMERO DE CONTROL |
| campo de control |
000014901 |
| 005 - FECHA Y HORA DE LA ÚLTIMA TRANSACCIÓN |
| campo de control |
20200929163923.0 |
| 008 - DATOS DE LONGITUD FIJA--INFORMACIÓN GENERAL |
| campo de control de longitud fija |
100127s2006 dr a r 000 0 spa d |
| 040 ## - FUENTE DE LA CATALOGACIÓN |
| Centro catalogador/agencia de origen |
DO-SdBNP |
| Lengua de catalogación |
spa |
| Centro/agencia transcriptor |
BNPHU |
| 082 ## - NÚMERO DE LA CLASIFICACIÓN DECIMAL DEWEY |
| Número de clasificación |
613.2 |
| Número de documento/Ítem |
E79i |
| 100 1# - ENTRADA PRINCIPAL--NOMBRE DE PERSONA |
| Nombre de persona |
Estévez Medina , Arcenio |
| 9 (RLIN) |
31277 |
| 245 10 - MENCIÓN DE TÍTULO |
| Título |
Importancia de los nutrientes en la salud / |
| Mención de responsabilidad, etc. |
Arcenio Estévez Medina ; prólogo Rafael p. Rodríguez. |
| 260 ## - PUBLICACIÓN, DISTRIBUCIÓN, ETC. |
| Lugar de publicación, distribución, etc. |
Santiago de los Caballeros, República Dominicana : |
| Nombre del editor, distribuidor, etc. |
Brigada de Salud Popular :Cienfuegos, |
| Fecha de publicación, distribución, etc. |
2006. |
| Fabricante |
Grafi-Sol |
| 300 ## - DESCRIPCIÓN FÍSICA |
| Extensión |
156 p. ; |
| Dimensiones |
18 cm. |
| 500 ## - NOTA GENERAL |
| Nota general |
Diagnóstico de nutrición en Cien Fuegos , Santiago, República Dominicana. |
| 505 2# - NOTA DE CONTENIDO CON FORMATO |
| Nota de contenido con formato |
Vitaminas -- proteinas -- Carbohidratos -- Minerales -- Grasas |
| 590 ## - NOTA LOCAL (RLIN) |
| Nota local |
Inventariado, 2019/BT |
| 650 #4 - PUNTO DE ACCESO ADICIONAL DE MATERIA--TÉRMINO DE MATERIA |
| Término de materia o nombre geográfico como elemento de entrada |
Desnutrición infantil |
| 9 (RLIN) |
33743 |
| 650 #4 - PUNTO DE ACCESO ADICIONAL DE MATERIA--TÉRMINO DE MATERIA |
| Término de materia o nombre geográfico como elemento de entrada |
Desnutrición |
| Subdivisión general |
Prevención y control |
| 9 (RLIN) |
33744 |
| 650 #4 - PUNTO DE ACCESO ADICIONAL DE MATERIA--TÉRMINO DE MATERIA |
| Término de materia o nombre geográfico como elemento de entrada |
Habitos alimenticios |
| 9 (RLIN) |
20094 |
| 650 #4 - PUNTO DE ACCESO ADICIONAL DE MATERIA--TÉRMINO DE MATERIA |
| Término de materia o nombre geográfico como elemento de entrada |
Plantas medicinales |
| 9 (RLIN) |
21554 |
| 650 #4 - PUNTO DE ACCESO ADICIONAL DE MATERIA--TÉRMINO DE MATERIA |
| Término de materia o nombre geográfico como elemento de entrada |
Composición de alimentos |
| 9 (RLIN) |
33745 |
| 700 1# - PUNTO DE ACCESO ADICIONAL--NOMBRE DE PERSONA |
| Nombre de persona |
Rodríguez, Rafael P., |
| Término indicativo de función/relación |
pról. |
| 9 (RLIN) |
12299 |